banner koha

Antifungal potential of essential oils from Pectis brevipedunculata and Dizygostemon riparius in anthracnose control in mango (Registro n. 330831)

MARC details
000 -LÍDER
fixed length control field 05690nab a2200349 i 4500
003 - CÓDIGO MARC DA AGÊNCIA CATALOGADORA
Campo de controle BR-BrBNA
005 - DATA E HORA DA ÚLTIMA ATUALIZAÇÃO
Campo de controle 20250403111259.0
008 - CAMPO DE TAMANHO FIXO
fixed length control field 250403b2023 bl.ar|pooa||| 00| 0 eng |
040 ## - FONTE DA CATALOGAÇÃO
Agência catalogadora BR-BrBNA
Idioma da catalogação eng
072 ## - CATEGORIA AGRIS
Código AGRIS H20
Código do objeto 1120
072 ## - CATEGORIA AGRIS
Código AGRIS H01
Código do objeto 4120
100 ## - ENTRADA PRINCIPAL - NOME PESSOAL
Nome pessoal Corrêa, Lukas Allayn Diniz
100 ## - ENTRADA PRINCIPAL - NOME PESSOAL
Nome pessoal Rodrigues, Antônia Alice Costa
100 ## - ENTRADA PRINCIPAL - NOME PESSOAL
Nome pessoal Dias, Larisse Raquel Carvalho
100 ## - ENTRADA PRINCIPAL - NOME PESSOAL
Nome pessoal Silva, Erlen Keila Candido e
100 ## - ENTRADA PRINCIPAL - NOME PESSOAL
Nome pessoal Monteiro, Odair dos Santos
100 ## - ENTRADA PRINCIPAL - NOME PESSOAL
Nome pessoal Oliveira, Leonardo de Jesus Machado Gois de
245 ## - TÍTULO PRINCIPAL
Título principal Antifungal potential of essential oils from Pectis brevipedunculata and Dizygostemon riparius in anthracnose control in mango
500 ## - NOTA GERAL
Nota geral <br/>Publicação online; 42 ref.; 3 illus.; Summaries (En, Pt)
942 ## - ADDED ENTRY ELEMENTS (KOHA)
Koha item type Analítica
520 ## - NOTA DE RESUMO
Nota de conteúdo <br/><br/><br/>Abstract - Essential oils have been widely studied because they are natural sources of substances that have antimicrobial properties. In fruit growing, especially in mango crop, anthracnose (Colletotrichum gloeosporioides) is considered the main disease because it causes series of damages in the fruit production chain and, in this sense, essential oils can be an option in this disease control. The objective of this study was to evaluate the effect of essential oils obtained from the leaves of Chá-de-moça (Pectis brevipedunculata) and Melosa (Dizygostemon riparius) in the in vitro and in vivo control of the C. gloeosporioides fungus, in seedlings and mango fruits. The in vitro bioassays were performed by testing the effect of different concentrations of essential oils (0, 1, 2, 3 and 4 µl/mL) on the reduction of mycelial growth of the C. gloeosporioides fungus. Additionally, the anthracnose control in mango seedlings (Tommy Atkins, Constantina, Comum and Rosa cultivars) was evaluated by foliar application of essential oils at 4 µl/mL concentration. Disease control in fruits of the same mango cultivars was evaluated at 3 µl/mL concentration of essential oils. The evaluation was carried out by measuring the average diameter of the colonies, for the in vitro treatment, and the lesions for the in vivo treatments, in two diametrically opposite directions. There was a decrease in the fungus mycelial growth in all tested concentrations. There was a decrease in the disease severity from the sixth day after the oils application in Tommy Atkins cultivar seedlings, when treated with both essential oils at 4 µl/mL concentration. As for preventive treatments with fruits, it was observed that all cultivars achieved a reduction in severity from 54.83% at 3 µl/mL concentration with the use of both essential oils. Given the results obtained, it was observed that the essential oils P. brevipedunculata and D. riparius can be a viable alternative in the anthracnose control in mango culture.<br/><br/><br/>Index terms - Dizygostemon riparius; Pectis brevipedunculata; Alternative Control; Medicinal plants; Mangifera indica L.
520 ## - NOTA DE RESUMO
Nota de conteúdo <br/><br/><br/>Resumo - Os óleos essenciais têm sido largamente estudados por serem fontes naturais de substâncias que possuem propriedades antimicrobianas. Na fruticultura, especialmente na cultura de manga, a antracnose (Colletotrichum gloeosporioides) é considerada a principal doença por causar uma série de prejuízos na cadeia produtiva dos frutos, e, nesse sentido, os óleos essenciais podem ser uma opção no controle desta doença. O objetivo deste trabalho foi avaliar o efeito dos óleos essenciais obtidos das folhas de Chá-de-moça (Pectis brevipedunculata) e Melosa (Dizygostemon riparius) no controle in vitro e in vivo do fungo C. gloeosporioides, em mudas e frutos de mangueira. Os bioensaios in vitro foram realizados testando-se o efeito de diferentes concentrações dos óleos essenciais (0; 1; 2; 3 e 4 µl/mL) sob a redução do crescimento micelial do fungo C. gloeosporioides. Adicionalmente, avaliou-se o controle da antracnose em mudas de manga (cultivares Tommy Atkins, Constantina, Comum e Rosa), pela aplicação foliar dos óleos essenciais, na concentração de 4 µl/mL. O controle da doença em frutos das mesmas cultivares de manga foi avaliado na concentração de 3 µl/mL dos óleos essenciais. A avaliação foi feita pela mensuração do diâmetro médio das colônias, para o tratamento in vitro, e das lesões, para os tratamentos in vivo, em dois sentidos diametralmente opostos. Houve diminuição do crescimento micelial do fungo em todas as concentrações testadas. Observou-se diminuição na severidade da doença a partir do sexto dia após aplicação dos óleos nas mudas de cultivar Tommy, quando tratada com ambos os óleos essenciais, na concentração de 4 µl/mL. Já para os tratamentos preventivos com frutos, foi observado que todas as cultivares obtiveram redução da severidade a partir de 54,83%, na concentração de 3 µl/mL, com uso de ambos os óleos essenciais. Diante dos resultados obtidos, foi observado que os óleos essenciais P. brevipedunculata e D. riparius podem ser uma alternativa viável no controle de antracnose na cultura de manga.<br/><br/><br/>Termos para Indexação - Melosa; Chá-de-moça; Controle Alternativo; Plantas medicinais; Mangifera indica L.
650 ## - ASSUNTO - THESAGRO
Cabeçalho tópico ou nome geográfico MANGA
650 ## - ASSUNTO - THESAGRO
Cabeçalho tópico ou nome geográfico DOENÇA FÚNGICA
650 ## - ASSUNTO - THESAGRO
Cabeçalho tópico ou nome geográfico ANTRACNOSE
650 ## - ASSUNTO - THESAGRO
Cabeçalho tópico ou nome geográfico ÓLEO ESSENCIAL
650 ## - ASSUNTO - THESAGRO
Cabeçalho tópico ou nome geográfico PLANTA MEDICINAL
650 ## - ASSUNTO - THESAGRO
Cabeçalho tópico ou nome geográfico CONTROLE ALTERNATIVO
773 0# - ENTRADA ANALÍTICA
Host Biblionumber 805
Registro do item 349549
Imprenta Jaboticabal-SP Sociedade Brasileira de Fruticultura 1978
Outro identificador 2025-2069
Título Revista Brasileira de Fruticultura (Brazil)
ISSN 0100-2945
Colação v. 45 p. 1-13; (2023)
Número de controle de registro BR2025000465
856 ## - ACESSO E ENDEREÇO ELETRÔNICO
Identificador uniforme de recurso - URI https://www.scielo.br/j/rbf/a/cSfwjPjMCCr4QgVzfRV9t3R/?format=pdf&lang=en

Nenhum exemplar disponível.

BINAGRI

Telefone: (61)3218-2567/2388/3357/2097 - binagri@agro.gov.br

Ministério da Agricultura e Pecuária , Esplanada dos Ministérios, Bloco D, Anexo B, Brasília/DF, CEP: 70.043-900